[Event "1. OEsterreichische Internet Schach Meisterschaft - Vorrunde 2"]
[Site "Online - Playchess.com"]
[Date ""]
[Round "2"]
[Board "74"]
[White "Dreher, David"]
[Black "Schroettner, Martin"]
[Result "1-0"]
[WhiteElo "1888"]
[BlackElo "1934"]
[PlyCount "93"]
[EventDate "2020.04.13"]
[EventRounds "9"]
[EventCountry "AUT"]

1. d4 c6 2. Bf4 d5 3. e3 Nf6 4. c3 Bf5 5. Bd3 Bxd3 6. Qxd3 e6 7. Nf3 Be7 8. Nbd2
Nbd7 9. Ne5 a6 10. h3 Rc8 11. Rc1 c5 12. O-O O-O 13. a3 b5 14. Ndf3 c4 15. Qe2 Qb6
16. Bg5 Rfd8 17. Nxd7 Rxd7 18. Bxf6 Bxf6 19. e4 dxe4 20. Qxe4 a5 21. Ra1 b4 22. axb4
axb4 23. Ra4 bxc3 24. bxc3 Qb3 25. Ra8 Rdd8 26. Rxc8 Rxc8 27. Qe3 h6 28. Nd2 Qa2
29. Ne4 Be7 30. Re1 Rb8 31. Re2 Rb1+ 32. Kh2 Qb3 33. Nd2 Qb5 34. Nxb1 Qxb1 35. g3
Bd6 36. Kg2 Qb3 37. h4 Qb5 38. Qf3 Qb3 39. Qe3 Qb5 40. Ra2 Qb3 41. Ra8+ Bf8 42. Qf3
Qb6 43. Rc8 Qb5 44. Qc6 Qf5 45. Qa8 Kh7 46. Rxf8 Qd3 47. Qf3  1-0

[Event "1. OEsterreichische Internet Schach Meisterschaft - Vorrunde 2"]
[Site "Online - Playchess.com"]
[Date ""]
[Round "2"]
[Board "75"]
[White "Filek, Mattias"]
[Black "Guba, Viktor"]
[Result "1-0"]
[WhiteElo "1932"]
[BlackElo "1401"]
[PlyCount "47"]
[EventDate "2020.04.13"]
[EventRounds "9"]
[EventCountry "AUT"]

1. e4 c5 2. Nf3 Nc6 3. d4 cxd4 4. Nxd4 e6 5. Nc3 Qc7 6. Be3 a6 7. Qf3 Ba3 8. O-O-O
Be7 9. Kb1 Ne5 10. Qg3 Bf6 11. f4 Ng6 12. h4 h5 13. e5 Be7 14. Bd3 Bxh4 15. Rxh4
Nxh4 16. Qxg7 Nxg2 17. Qxg2 Ne7 18. Qg7 Rg8 19. Qf6 Ng6 20. Bxg6 fxg6 21. f5 exf5
22. Bg5 d6 23. exd6 Qd7 24. Re1+  1-0

[Event "1. OEsterreichische Internet Schach Meisterschaft - Vorrunde 2"]
[Site "Online - Playchess.com"]
[Date ""]
[Round "2"]
[Board "76"]
[White "Gschiel, Alexander"]
[Black "Stolzlechner, Andreas"]
[Result "1-0"]
[WhiteElo "1908"]
[BlackElo "1835"]
[PlyCount "101"]
[EventDate "2020.04.13"]
[EventRounds "9"]
[EventCountry "AUT"]

1. d4 d5 2. c4 c6 3. cxd5 cxd5 4. Bg5 Nc6 5. Nc3 Nf6 6. Bxf6 exf6 7. e4 Bb4 8. exd5
Bxc3+ 9. bxc3 Qxd5 10. Nf3 O-O 11. Be2 Qa5 12. Qc2 Be6 13. O-O Rac8 14. Rfb1 Qc7
15. Rd1 Rfd8 16. Rab1 b6 17. c4 Na5 18. d5 Bg4 19. Rd4 Bxf3 20. Bxf3 Nxc4 21. Rc1
b5 22. a4 a6 23. axb5 axb5 24. Be2 Qe5 25. Rdd1 Rxd5 26. Bxc4 bxc4 27. g3 h6 28.
Qa4 Rxd1+ 29. Rxd1 c3 30. Qd7 Qc7 31. Qd3 c2 32. Rc1 Qc3 33. Qxc3 Rxc3 34. Kf1 f5
35. Ke2 g5 36. Kd2 Rc7 37. Rxc2 Rxc2+ 38. Kxc2 Kg7 39. Kd3 Kg6 40. Kd4 Kh5 41. f3
Kg6 42. Ke5 h5 43. f4 g4 44. Kd6 Kf6 45. Kd5 Kg6 46. Ke5 f6+ 47. Ke6 h4 48. gxh4
Kh5 49. Kxf6 Kxh4 50. Kxf5 Kh3 51. Kg5  1-0

[Event "1. OEsterreichische Internet Schach Meisterschaft - Vorrunde 2"]
[Site "Online - Playchess.com"]
[Date ""]
[Round "2"]
[Board "77"]
[White "Wurzer, Gerhard"]
[Black "Haas, Gerald"]
[Result "0-1"]
[WhiteElo "1889"]
[BlackElo "1906"]
[PlyCount "116"]
[EventDate "2020.04.13"]
[EventRounds "9"]
[EventCountry "AUT"]

1. c3 c5 2. Qc2 Nc6 3. d3 d5 4. e4 dxe4 5. dxe4 e5 6. Nf3 Nge7 7. Be2 g6 8. Nbd2
Bg7 9. O-O O-O 10. b3 f5 11. Bb2 f4 12. Rad1 Qe8 13. Nc4 g5 14. Nd6 Qg6 15. Nxc8
Raxc8 16. Bc4+ Kh8 17. Rd2 g4 18. Nh4 Qg5 19. Nf5 Nxf5 20. exf5 f3 21. Rfd1 Qh4 22.
Bd5 Ne7 23. Be4 Rf6 24. gxf3 gxf3 25. Bxf3 Rxf5 26. Rd8+ Rxd8 27. Rxd8+ Bf8 28. Qe4
Qxe4 29. Bxe4 Rf4 30. f3 Kg7 31. c4 Nc6 32. Rd7+ Kf6 33. Rxh7 Nd4 34. Bxd4 exd4 35.
Kf2 Bd6 36. Rxb7 Rh4 37. Ke2 Rxh2+ 38. Kd3 Rxa2 39. Bd5 Ke5 40. Rh7 Kf4 41. Rh4+
Kg3 42. Rh6 Bf4 43. Rg6+ Kf2 44. Ke4 Be3 45. Kf5 d3 46. f4 d2 47. Rg2+ Ke1 48. Bf3
Bf2 49. Rg7 Rb2 50. Rxa7 Be3 51. Bg4 Rxb3 52. Re7 Kf2 53. Rc7 Rd3 54. Ke4 d1=Q 55.
Bxd1 Rxd1 56. f5 Rd4+ 57. Ke5 Bf4+ 58. Ke6 Bxc7  0-1

[Event "1. OEsterreichische Internet Schach Meisterschaft - Vorrunde 2"]
[Site "Online - Playchess.com"]
[Date ""]
[Round "2"]
[Board "78"]
[White "Borrmann, Laurenz"]
[Black "Steininger, Barbara"]
[Result "1-0"]
[WhiteElo "1880"]
[BlackElo "1622"]
[PlyCount "27"]
[EventDate "2020.04.13"]
[EventRounds "9"]
[EventCountry "AUT"]

1. e4 c5 2. Nf3 e6 3. d4 cxd4 4. Nxd4 a6 5. Bd3 Nc6 6. Nxc6 dxc6 7. O-O Nf6 8. Qe2
Bc5 9. Rd1 O-O 10. e5 Nd5 11. c4 Nb4 12. Bxh7+ Kxh7 13. Qh5+ Kg8 14. Rxd8  1-0

[Event "1. OEsterreichische Internet Schach Meisterschaft - Vorrunde 2"]
[Site "Online - Playchess.com"]
[Date ""]
[Round "2"]
[Board "79"]
[White "Raeke, Philipp"]
[Black "Gall, Bernhard"]
[Result "1-0"]
[WhiteElo "1880"]
[BlackElo "1244"]
[PlyCount "25"]
[EventDate "2020.04.13"]
[EventRounds "9"]
[EventCountry "AUT"]

1. e4 c5 2. d4 cxd4 3. c3 dxc3 4. Nxc3 e5 5. Nf3 Nc6 6. Bc4 Nf6 7. O-O Be7 8. Bg5
O-O 9. Qe2 d6 10. Rfd1 Ng4 11. Bxe7 Qxe7 12. Nd5 Qe6 13. Nc7  1-0

[Event "1. OEsterreichische Internet Schach Meisterschaft - Vorrunde 2"]
[Site "Online - Playchess.com"]
[Date ""]
[Round "2"]
[Board "80"]
[White "Schwarz, Benedikt"]
[Black "Wischounig, Laurin"]
[Result "0-1"]
[WhiteElo "1815"]
[BlackElo "1878"]
[PlyCount "72"]
[EventDate "2020.04.13"]
[EventRounds "9"]
[EventCountry "AUT"]

1. d4 d5 2. Bf4 c5 3. e3 Nc6 4. c3 Nf6 5. Nd2 Bf5 6. Qb3 Qb6 7. Ngf3 e6 8. Nh4 Bg6
9. Nxg6 hxg6 10. h3 Be7 11. Be2 O-O 12. O-O Nd7 13. Nf3 Rfe8 14. Bh2 a6 15. Ne5 Ncxe5
16. Qxb6 Nxb6 17. Bxe5 cxd4 18. exd4 Bf6 19. Bh2 Rac8 20. Rfe1 Na4 21. Rab1 b5 22.
Bd1 Nb6 23. Be2 Rc6 24. Rbc1 Rec8 25. Rc2 Bxd4 26. Rd2 Bf6 27. Rd3 Nc4 28. Rb1 Be5
29. f4 Bf6 30. g4 b4 31. Bg3 bxc3 32. bxc3 Na3 33. Rb3 Nb5 34. Rf3 Nxc3 35. Bxa6
Rxa6 36. g5 Bd4+  0-1

[Event "1. OEsterreichische Internet Schach Meisterschaft - Vorrunde 2"]
[Site "Online - Playchess.com"]
[Date ""]
[Round "2"]
[Board "81"]
[White "Moerzinger, Christian Jun."]
[Black "Ressmann, Walter"]
[Result "0-1"]
[WhiteElo "1638"]
[BlackElo "1868"]
[PlyCount "130"]
[EventDate "2020.04.13"]
[EventRounds "9"]
[EventCountry "AUT"]

1. e4 e6 2. Nf3 d5 3. exd5 Qxd5 4. c4 Qd8 5. d4 Nf6 6. Be3 Be7 7. Nc3 O-O 8. g3 b6
9. Bg2 Bb7 10. O-O Nbd7 11. a3 c5 12. b4 cxd4 13. Bxd4 Qc7 14. Qd3 Rac8 15. Nd2 Bxg2
16. Kxg2 Rfd8 17. Nb5 Qc6+ 18. Kg1 Qb7 19. Rac1 a6 20. Nc3 a5 21. Nb5 axb4 22. axb4
Bxb4 23. Bxf6 Nxf6 24. Qf3 Qxf3 25. Nxf3 Bc5 26. Ne5 g6 27. Kg2 Rd2 28. Nf3 Rb2 29.
Nc3 Ng4 30. Nd1 Ra2 31. h3 Ne3+ 32. Nxe3 Bxe3 33. Rc3 Bc5 34. Ne5 Rd8 35. Nc6 Rdd2
36. Rf3 Rac2 37. Ne5 f5 38. Nd3 Rxc4 39. Nxc5 bxc5 40. Re1 Kf7 41. Rfe3 Rd6 42. Ra3
Rcd4 43. Ra7+ Rd7 44. Ra6 R4d6 45. Ra5 Rc7 46. Rc1 c4 47. Kf3 c3 48. Ke3 c2 49. Ra2
Rdc6 50. Kd3 Kf6 51. f4 e5 52. fxe5+ Kxe5 53. Re1+ Kf6 54. Rc1 Rc3+ 55. Ke2 Rxg3
56. h4 Rh3 57. Raxc2 Rxc2+ 58. Rxc2 Rh2+ 59. Kd3 Rxc2 60. Kxc2 Ke5 61. Kd3 Kf4 62.
Ke2 Kg4 63. Kf2 Kxh4 64. Kg2 Kg4 65. Kh2 h5  0-1

[Event "1. OEsterreichische Internet Schach Meisterschaft - Vorrunde 2"]
[Site "Online - Playchess.com"]
[Date ""]
[Round "2"]
[Board "83"]
[White "Steirer, Gerhard"]
[Black "Wilplinger, Hugo"]
[Result "1-0"]
[WhiteElo "1854"]
[BlackElo "1629"]
[PlyCount "85"]
[EventDate "2020.04.13"]
[EventRounds "9"]
[EventCountry "AUT"]

1. e4 d5 2. exd5 Qxd5 3. Nc3 Qa5 4. d4 Nf6 5. Bd2 Nc6 6. Bc4 Qh5 7. Nge2 Bd7 8. f3
O-O-O 9. Ne4 Nxe4 10. fxe4 e6 11. c3 Be7 12. Qc2 Bg5 13. O-O-O Bxd2+ 14. Rxd2 Rdf8
15. Rhd1 Qg5 16. Kb1 Na5 17. Bb3 Rd8 18. Ng3 h5 19. e5 Bc6 20. Ba4 Bxa4 21. Qxa4
Nc6 22. Ka1 h4 23. Ne4 Qe7 24. Nc5 Qe8 25. Qb5 Na5 26. Qxa5 a6 27. c4 Qc6 28. Qb4
Rh5 29. a4 Rg5 30. a5 f6 31. d5 exd5 32. cxd5 Qb5 33. Qxb5 axb5 34. Ne6 Rxe5 35.
Nxd8 Kxd8 36. d6 c6 37. h3 Kd7 38. Kb1 b4 39. Kc2 Rxa5 40. Re1 Rc5+ 41. Kb3 Re5 42.
Rxe5 fxe5 43. Kxb4  1-0

[Event "1. OEsterreichische Internet Schach Meisterschaft - Vorrunde 2"]
[Site "Online - Playchess.com"]
[Date ""]
[Round "2"]
[Board "84"]
[White "Koglbauer, Uwe"]
[Black "Maister, Dieter"]
[Result "1-0"]
[WhiteElo "1666"]
[BlackElo "1851"]
[PlyCount "53"]
[EventDate "2020.04.13"]
[EventRounds "9"]
[EventCountry "AUT"]

1. e4 c6 2. d4 d5 3. exd5 cxd5 4. c4 Nc6 5. Nc3 dxc4 6. Nf3 e6 7. Bxc4 Nf6 8. h3
Be7 9. Be3 O-O 10. Qd2 a6 11. a4 Bd7 12. Rb1 Rc8 13. Bd3 Bb4 14. O-O Ne7 15. Rfc1
Bxa4 16. Qe2 Bc6 17. Ne5 Ned5 18. Bg5 Be7 19. Nxd5 Bxd5 20. f4 Nd7 21. Qh5 g6 22.
Nxg6 f5 23. Nxe7+ Kh8 24. Rxc8 Qxc8 25. Nxc8 Rxc8 26. Qf7 Nf8 27. Bf6#  1-0

[Event "1. OEsterreichische Internet Schach Meisterschaft - Vorrunde 2"]
[Site "Online - Playchess.com"]
[Date ""]
[Round "2"]
[Board "85"]
[White "Haselsberger, Armin"]
[Black "Flir, Emilio"]
[Result "0-1"]
[WhiteElo "1395"]
[BlackElo "1843"]
[PlyCount "86"]
[EventDate "2020.04.13"]
[EventRounds "9"]
[EventCountry "AUT"]

1. d4 d5 2. Bf4 Nf6 3. e3 e6 4. c4 c5 5. Nc3 cxd4 6. exd4 Nc6 7. Nf3 Be7 8. cxd5
Nxd5 9. Nxd5 Qxd5 10. Be2 O-O 11. O-O Rd8 12. Be3 Bf6 13. b3 Nxd4 14. Nxd4 Bxd4 15.
Bc4 Qe5 16. Bxd4 Rxd4 17. Qc2 Bd7 18. Rfe1 Qg5 19. Re3 Bc6 20. Rg3 Qf6 21. Rd1 Rad8
22. Rdd3 Rxd3 23. Bxd3 Qa1+ 24. Bf1 Bb5 25. h3 Qxf1+ 26. Kh2 Qd1 27. Qc3 Qd4 28.
Qc7 g6 29. Qxb7 a6 30. Qe7 Qd6 31. Qg5 Bc6 32. Qf6 Rd7 33. Qg5 Qe7 34. Qa5 h5 35.
Qxa6 h4 36. Re3 Qd6+ 37. g3 hxg3+ 38. Rxg3 Qd5 39. Rg1 Qf3 40. Qf1 Rd2 41. h4 Rxf2+
42. Qxf2 Qxf2+ 43. Rg2 Qxg2#  0-1

[Event "1. OEsterreichische Internet Schach Meisterschaft - Vorrunde 2"]
[Site "Online - Playchess.com"]
[Date ""]
[Round "2"]
[Board "86"]
[White "Klinglmair, Guenter"]
[Black "Buchegger, Fridolin"]
[Result "0-1"]
[WhiteElo "1483"]
[BlackElo "1827"]
[PlyCount "108"]
[EventDate "2020.04.13"]
[EventRounds "9"]
[EventCountry "AUT"]

1. Nf3 Nf6 2. g3 d5 3. Bg2 g6 4. O-O Bg7 5. d3 O-O 6. Bg5 Nbd7 7. Nbd2 h6 8. Bxf6
Nxf6 9. c4 e6 10. cxd5 exd5 11. Rc1 c6 12. b3 Re8 13. Re1 Qb6 14. h3 Bd7 15. Qc2
Re7 16. d4 Rae8 17. e3 Bf5 18. Qc3 Qa6 19. a4 Qb6 20. Ne5 Nd7 21. Nxd7 Bxd7 22. e4
dxe4 23. Nxe4 Bf5 24. Nd6 Rxe1+ 25. Rxe1 Rxe1+ 26. Bf1 Re6 27. Nxf5 gxf5 28. Bd3
Bxd4 29. Qc2 Re1+ 30. Kg2 c5 31. Bxf5 Qf6 32. Bh7+ Kg7 33. Bd3 Re5 34. Qd2 Rg5 35.
f4 Rd5 36. Qe2 Rd6 37. Be4 Rb6 38. Qd3 Qe6 39. Bf5 Qxb3 40. h4 Qxd3 41. Bxd3 Rb2+
42. Kf3 Rf2+ 43. Ke4 Rg2 44. Kf3 Ra2 45. Bb5 Ra3+ 46. Ke4 Re3+ 47. Kf5 Rxg3 48. Ke4
Kg6 49. f5+ Kf6 50. Kd5 Kxf5 51. Bd7+ Kf4 52. Kc4 Rc3+ 53. Kd5 f5 54. Bxf5 Kxf5  0-1

[Event "1. OEsterreichische Internet Schach Meisterschaft - Vorrunde 2"]
[Site "Online - Playchess.com"]
[Date ""]
[Round "2"]
[Board "87"]
[White "Auinger, Marcel"]
[Black "Chen, Qingxia"]
[Result "1-0"]
[WhiteElo "1808"]
[BlackElo "1776"]
[PlyCount "73"]
[EventDate "2020.04.13"]
[EventRounds "9"]
[EventCountry "AUT"]

1. e4 e5 2. Nf3 Nc6 3. d4 exd4 4. Nxd4 Bc5 5. Be3 Qf6 6. c3 Nge7 7. Bc4 Ne5 8. Be2
O-O 9. O-O d6 10. b4 Bb6 11. Na3 a6 12. Nac2 h6 13. Qd2 Bg4 14. f3 Bh5 15. Rad1 Rad8
16. Bf2 Bg6 17. Ne3 c5 18. Ndc2 N7c6 19. a3 Ba7 20. Nd5 Qe6 21. Nce3 cxb4 22. cxb4
Nd4 23. Bc4 Nxc4 24. Nxc4 Nb3 25. Qb2 Bxf2+ 26. Rxf2 Bxe4 27. fxe4 Qxe4 28. Qxb3
Rc8 29. Nxd6 Rcd8 30. Nxe4 Rfe8 31. Nc5 Kh8 32. Nc7 Rxd1+ 33. Qxd1 Rc8 34. Qd7 Rg8
35. Qxf7 b6 36. N5e6 h5 37. Qxh5#  1-0

[Event "1. OEsterreichische Internet Schach Meisterschaft - Vorrunde 2"]
[Site "Online - Playchess.com"]
[Date ""]
[Round "2"]
[Board "88"]
[White "Krassnitzer, Julia"]
[Black "Kwech, Martin"]
[Result "1-0"]
[WhiteElo "1803"]
[BlackElo "1105"]
[PlyCount "55"]
[EventDate "2020.04.13"]
[EventRounds "9"]
[EventCountry "AUT"]

1. e4 c5 2. Nf3 d6 3. Bb5+ Bd7 4. Bxd7+ Qxd7 5. O-O Nc6 6. c3 Nf6 7. Re1 e6 8. d4
cxd4 9. cxd4 Be7 10. Nc3 O-O 11. Be3 e5 12. d5 Nd8 13. Rc1 Rc8 14. Bxa7 h6 15. Bb6
Ng4 16. h3 Nf6 17. Nh4 Nxd5 18. Nxd5 Bxh4 19. Rxc8 Qxc8 20. Qh5 Bg5 21. h4 Bf6 22.
Nxf6+ gxf6 23. Qxh6 Ne6 24. Qxf6 Ng7 25. Re3 Qc1+ 26. Kh2 Qd2 27. Rg3 Qf4 28. Qxg7#
 1-0

[Event "1. OEsterreichische Internet Schach Meisterschaft - Vorrunde 2"]
[Site "Online - Playchess.com"]
[Date ""]
[Round "2"]
[Board "89"]
[White "Tischler, Michel"]
[Black "Dorner, Guenther"]
[Result "1-0"]
[WhiteElo "1517"]
[BlackElo "1787"]
[PlyCount "67"]
[EventDate "2020.04.13"]
[EventRounds "9"]
[EventCountry "AUT"]

1. e4 c5 2. Nf3 d6 3. d4 cxd4 4. Nxd4 Nf6 5. Nc3 a6 6. Bc4 e6 7. O-O b5 8. Bb3 Be7
9. f4 O-O 10. Kh1 Bb7 11. Qe2 b4 12. e5 bxc3 13. exf6 Bxf6 14. bxc3 d5 15. Bb2 Nd7
16. Rae1 Nc5 17. Rf3 a5 18. a4 Ba6 19. Qd1 Rb8 20. Nc6 Qc7 21. Nxb8 Rxb8 22. Rh3
Qb6 23. f5 Nxb3 24. cxb3 Qxb3 25. Qxb3 Rxb3 26. Ba1 e5 27. Rhe3 e4 28. g3 Bc8 29.
g4 h5 30. h3 hxg4 31. hxg4 Ra3 32. c4 Rxe3 33. Rxe3 Bxa1 34. cxd5  1-0

[Event "1. OEsterreichische Internet Schach Meisterschaft - Vorrunde 2"]
[Site "Online - Playchess.com"]
[Date ""]
[Round "2"]
[Board "90"]
[White "Moerwald, Miriam"]
[Black "Hoelzl, Bernhard"]
[Result "0-1"]
[WhiteElo "1760"]
[BlackElo "1392"]
[PlyCount "128"]
[EventDate "2020.04.13"]
[EventRounds "9"]
[EventCountry "AUT"]

1. e4 c6 2. Nc3 d5 3. Nf3 Bg4 4. h3 Bh5 5. Be2 e6 6. O-O Nf6 7. d3 Be7 8. Re1 O-O
9. Bf4 Nbd7 10. Qd2 Qb6 11. e5 Ne8 12. Rab1 f6 13. exf6 Bxf6 14. Ne5 Nxe5 15. Bxe5
Bxe2 16. Rxe2 Bh4 17. g3 Bf6 18. Qe1 Rc8 19. Bxf6 Rxf6 20. Rxe6 Nc7 21. Re7 Rcf8
22. Nd1 d4 23. Qe4 Nd5 24. Re5 Qd8 25. a4 Nb6 26. Re7 Nc8 27. Re5 Nd6 28. Qe2 Nf5
29. b4 a5 30. b5 cxb5 31. Rbxb5 Nd6 32. Rbd5 Qc7 33. Kg2 Nf7 34. Re4 Nh6 35. Rdxd4
Nf5 36. Rd5 Nd6 37. Ree5 Nf7 38. Rf5 Rxf5 39. Rxf5 Qd7 40. Rxa5 Qc6+ 41. Kg1 Nd6
42. Re5 Nf7 43. Re3 Qxa4 44. Rf3 Qc6 45. Re3 b5 46. Re7 b4 47. Qe6 Qf3 48. Qe2 Qf6
49. Re4 Qa1 50. Rxb4 Ng5 51. Rf4 Qa8 52. Rxf8+ Qxf8 53. Kh2 Nf3+ 54. Kg2 Ng5 55.
Qe1 Qa8+ 56. Kh2 Nf3+ 57. Kg2 Nxe1+ 58. Kf1 Nxc2 59. Nc3 Qa3 60. Ne4 Qxd3+ 61. Kg1
Qxe4 62. f3 Qxf3 63. Kh2 Ne1 64. g4 Qg2#  0-1

[Event "1. OEsterreichische Internet Schach Meisterschaft - Vorrunde 2"]
[Site "Online - Playchess.com"]
[Date ""]
[Round "2"]
[Board "91"]
[White "Lager, Johannes Jun."]
[Black "Lammer, Michael"]
[Result "0-1"]
[WhiteElo "1722"]
[BlackElo "1499"]
[PlyCount "134"]
[EventDate "2020.04.13"]
[EventRounds "9"]
[EventCountry "AUT"]

1. e4 e5 2. Nf3 d6 3. Bc4 Bg4 4. h3 Bxf3 5. Qxf3 Nf6 6. Nc3 Nc6 7. d3 Nd4 8. Qd1
Qd7 9. Bg5 O-O-O 10. Ne2 Nxe2 11. Qxe2 h6 12. Be3 a6 13. O-O d5 14. exd5 Nxd5 15.
Bd2 Nb6 16. Bb3 Kb8 17. Rad1 Bd6 18. Bc3 f6 19. d4 exd4 20. Rxd4 Nc8 21. Rfd1 Rhe8
22. Qd3 Qc6 23. Bb4 g5 24. Bxd6 Nxd6 25. Qd2 Kc8 26. Rd3 f5 27. Re1 Rxe1+ 28. Qxe1
Re8 29. Qd2 Qe4 30. Re3 Qc6 31. Be6+ Kd8 32. Bxf5 Rxe3 33. fxe3 Qb5 34. Be6 Qxb2
35. Bb3 Qa1+ 36. Kh2 Qe5+ 37. Kh1 Qa1+ 38. Kh2 Qe5+ 39. g3 Ke7 40. Qd4 Qxd4 41. exd4
Nf5 42. d5 Kd6 43. g4 Ne3 44. c4 Kc5 45. Kg3 Nxc4 46. Kf3 Nd2+ 47. Ke3 Nxb3 48. axb3
Kxd5 49. Kd3 c5 50. Ke3 b5 51. Kd3 a5 52. Kc3 a4 53. bxa4 bxa4 54. Kd3 a3 55. Kc3
a2 56. Kb2 Kd4 57. Kxa2 Kd3 58. Kb3 c4+ 59. Kb2 c3+ 60. Kc1 c2 61. Kb2 Kd2 62. h4
gxh4 63. g5 hxg5 64. Kb3 c1=Q 65. Ka2 Qc8 66. Ka1 Kc2 67. Ka2 Qa6#  0-1

[Event "1. OEsterreichische Internet Schach Meisterschaft - Vorrunde 2"]
[Site "Online - Playchess.com"]
[Date ""]
[Round "2"]
[Board "92"]
[White "Hofer, Martin"]
[Black "Maderner, Arnulf"]
[Result "0-1"]
[WhiteElo "1603"]
[BlackElo "1687"]
[PlyCount "58"]
[EventDate "2020.04.13"]
[EventRounds "9"]
[EventCountry "AUT"]

1. e4 c5 2. c3 d5 3. e5 d4 4. Bb5+ Bd7 5. Qa4 Nc6 6. Nf3 Qc7 7. O-O O-O-O 8. Re1
Kb8 9. d3 e6 10. Nbd2 a6 11. Bxc6 Bxc6 12. Qb3 g6 13. Nc4 Bd5 14. Qc2 dxc3 15. bxc3
Bxf3 16. gxf3 Bg7 17. f4 Ne7 18. Nd6 Nf5 19. Nxf5 gxf5 20. Be3 Rd7 21. Kh1 Rhd8 22.
Rad1 h5 23. Kg2 Qc6+ 24. f3 Qb5 25. c4 Qc6 26. Rd2 h4 27. Red1 h3+ 28. Kh1 Qxf3+
29. Kg1 Qxe3+  0-1

[Event "1. OEsterreichische Internet Schach Meisterschaft - Vorrunde 2"]
[Site "Online - Playchess.com"]
[Date ""]
[Round "2"]
[Board "93"]
[White "Ussar, Reinhard"]
[Black "Weichhart, Daniel"]
[Result "0-1"]
[WhiteElo "1676"]
[BlackElo "1648"]
[PlyCount "80"]
[EventDate "2020.04.13"]
[EventRounds "9"]
[EventCountry "AUT"]

1. e4 e5 2. Nf3 Nf6 3. Nxe5 d6 4. Nf3 Nxe4 5. d4 d5 6. Bd3 Bd6 7. Qe2 O-O 8. O-O
Re8 9. Re1 Bg4 10. Nbd2 f5 11. c4 c6 12. c5 Bc7 13. h3 Bh5 14. Qf1 Nd7 15. g4 fxg4
16. hxg4 Bxg4 17. Ne5 Nxe5 18. dxe5 Nxd2 19. Bxd2 Bxe5 20. Qg2 Qh4 21. f4 Bh3 22.
Qf2 Qxf2+ 23. Kxf2 Bd4+ 24. Be3 Rxe3 25. Rxe3 Re8 26. Rae1 Rxe3 27. Rxe3 Bxe3+ 28.
Kxe3 h6 29. Bg6 Kf8 30. a3 Ke7 31. b4 Kf6 32. Kd4 Kxg6 33. Ke5 Bf5 34. Kd6 h5 35.
Kc7 h4 36. Kxb7 h3 37. Kxc6 h2 38. Kxd5 h1=Q+ 39. Ke5 Qe4+ 40. Kd6 Kf6  0-1

[Event "1. OEsterreichische Internet Schach Meisterschaft - Vorrunde 2"]
[Site "Online - Playchess.com"]
[Date ""]
[Round "2"]
[Board "94"]
[White "Kwech, Gregor"]
[Black "Kanzian, Heinz"]
[Result "1-0"]
[WhiteElo "1064"]
[BlackElo "1642"]
[PlyCount "113"]
[EventDate "2020.04.13"]
[EventRounds "9"]
[EventCountry "AUT"]

1. c4 e5 2. Nc3 Nf6 3. g3 d6 4. Bg2 Nc6 5. d3 Rb8 6. Nf3 Be6 7. O-O h6 8. Bd2 Be7
9. a3 Qc8 10. b4 Bh3 11. e3 Bxg2 12. Kxg2 g5 13. Re1 g4 14. Ng1 h5 15. d4 h4 16.
b5 Nd8 17. a4 hxg3 18. hxg3 Ne6 19. f3 Ng5 20. Rc1 gxf3+ 21. Nxf3 Qh3+ 22. Kf2 Ng4+
23. Kg1 Nxf3+ 24. Qxf3 Qh2+ 25. Kf1 e4 26. Qxg4 Qh1+ 27. Ke2 Rh2+ 28. Kd1 Qg2 29.
Rc2 a6 30. Qg8+ Kd7 31. Qg4+ Ke8 32. Qg8+ Bf8 33. Qg4 axb5 34. axb5 Ra8 35. Qe2 Ra1+
36. Bc1 Qh3 37. Qxh2 Qxg3 38. Qxg3 c6 39. bxc6 bxc6 40. Qg8 c5 41. Nd5 Ra3 42. Nf6+
Ke7 43. Qg5 Rd3+ 44. Bd2 cxd4 45. Nxe4+ Ke8 46. Nxd6+ Bxd6 47. Qd5 Bg3 48. exd4+
Bxe1 49. Kxe1 Rg3 50. Qe5+ Kf8 51. Qxg3 Ke7 52. Bg5+ Kf8 53. Qb8+ Kg7 54. Rg2 Kg6
55. Qf4 Kg7 56. Bf6+ Kf8 57. Qb8#  1-0

[Event "1. OEsterreichische Internet Schach Meisterschaft - Vorrunde 2"]
[Site "Online - Playchess.com"]
[Date ""]
[Round "2"]
[Board "95"]
[White "Wimmer, Michael"]
[Black "Pasteiner, Gernot"]
[Result "1-0"]
[WhiteElo "1559"]
[BlackElo "1632"]
[PlyCount "91"]
[EventDate "2020.04.13"]
[EventRounds "9"]
[EventCountry "AUT"]

1. e4 d5 2. exd5 Qxd5 3. Nc3 Qa5 4. Nf3 Nf6 5. d4 Bg4 6. Be2 c6 7. O-O e6 8. Be3
Bd6 9. h3 Bh5 10. a3 O-O 11. Qd2 Nbd7 12. Ne4 Qc7 13. Nxd6 Qxd6 14. c3 b5 15. Bf4
Qe7 16. Rfe1 Nd5 17. Bg5 N7f6 18. Ne5 Bxe2 19. Qxe2 Rac8 20. c4 bxc4 21. Qxc4 h6
22. Bh4 g5 23. Bg3 Nh5 24. Rac1 Nhf6 25. Qe2 c5 26. dxc5 Rxc5 27. b4 Rxc1 28. Rxc1
Nd7 29. Nc6 Qf6 30. Nxa7 Nc3 31. Qe3 Nd5 32. Qd2 Ra8 33. Nb5 N7b6 34. Qe2 Qe7 35.
Bd6 Qf6 36. Qe5 Qd8 37. Bc7 Qc8 38. Qe1 Qf8 39. Bd6 Qd8 40. Qd1 Qd7 41. Rc5 Rd8 42.
Qd3 Na4 43. Qb3 Nxc5 44. bxc5 Ra8 45. a4 Qc6 46. a5  1-0

[Event "1. OEsterreichische Internet Schach Meisterschaft - Vorrunde 2"]
[Site "Online - Playchess.com"]
[Date ""]
[Round "2"]
[Board "96"]
[White "Astner, Klaus"]
[Black "Riegler, Leonie"]
[Result "0-1"]
[WhiteElo "1409"]
[BlackElo "1579"]
[PlyCount "58"]
[EventDate "2020.04.13"]
[EventRounds "9"]
[EventCountry "AUT"]

1. d4 d5 2. c4 e6 3. Nc3 Nf6 4. Bg5 Be7 5. Nf3 O-O 6. e3 c5 7. cxd5 Nxd5 8. Bxe7
Qxe7 9. Nxd5 exd5 10. Be2 Nc6 11. O-O Bf5 12. Bb5 Be4 13. Bxc6 bxc6 14. Ne5 cxd4
15. Nxc6 Qg5 16. g3 dxe3 17. f4 Qh6 18. Nd4 Qh3 19. Qe2 Rfd8 20. Nf3 d4 21. Ng5 Qf5
22. Nxe4 Qxe4 23. Rad1 Rab8 24. Rfe1 Rbc8 25. Qa6 Rc2 26. Re2 Rxe2 27. Qxe2 d3 28.
Rxd3 Qxd3 29. Qg4 e2  0-1

[Event "1. OEsterreichische Internet Schach Meisterschaft - Vorrunde 2"]
[Site "Online - Playchess.com"]
[Date ""]
[Round "2"]
[Board "98"]
[White "Miazhynski, Alexander"]
[Black "Bauer, Wolfgang"]
[Result "1-0"]
[WhiteElo "1535"]
[BlackElo "1526"]
[PlyCount "105"]
[EventDate "2020.04.13"]
[EventRounds "9"]
[EventCountry "AUT"]

1. e4 c5 2. Nf3 d6 3. c3 Nc6 4. d4 cxd4 5. cxd4 e6 6. Nc3 Be7 7. Bc4 a6 8. O-O Nf6
9. a3 O-O 10. h3 b5 11. Bd3 Qc7 12. Bf4 Rd8 13. Rc1 Qb8 14. Qe2 Bb7 15. d5 exd5 16.
Nxd5 Nxd5 17. exd5 Ne5 18. Nxe5 Bxd5 19. Qe1 Bf6 20. Nc6 Bxc6 21. Rxc6 Qb7 22. Be4
Qd7 23. Rxd6 Qe8 24. Bxa8 Rxa8 25. Qxe8+ Rxe8 26. Rfd1 Rf8 27. Rxa6 Bxb2 28. Ra5
g6 29. Rxb5 Bxa3 30. Bh6 Re8 31. g3 f5 32. Rb7 Re7 33. Rd8+ Kf7 34. Rf8+ Ke6 35.
Rxe7+ Bxe7 36. Ra8 Bc5 37. Be3 Bb4 38. Ra7 h5 39. Ra6+ Kf7 40. Kg2 Bc3 41. Rc6 Be5
42. Bg5 Bb2 43. Rc7+ Kg8 44. h4 Ba3 45. Rb7 Bc5 46. Kf3 Bd4 47. Be3 Be5 48. Bc5 Bc3
49. Ke3 Be5 50. Bd4 Bd6 51. Rb6 Ba3 52. Rxg6+ Kf7 53. Rf6+  1-0